[Event "European Chess Club Cup 2023"]
[Site "Durres, Albania"]
[Date "2023.10.03"]
[Round "3.59"]
[White "Kamsky, Gata"]
[Black "Lavendelis, Egons"]
[Result "1/2-1/2"]
[TimeControl "90' + 30' & 30\""]
[WhiteElo "2641"]
[BlackElo "2296"]

1. e4 {[%clk 01:29:17]} {[%emt 00:01:42]} c5 {[%clk 01:30:53]} {[%emt
00:00:08]} 2. Nf3 {[%clk 01:29:38]} {[%emt 00:00:08]} Nc6 {[%clk 01:31:17]}
{[%emt 00:00:06]} 3. d4 {[%clk 01:28:20]} {[%emt 00:01:48]} cxd4 {[%clk
01:31:40]} {[%emt 00:00:07]} 4. Nxd4 {[%clk 01:28:43]} {[%emt 00:00:08]} Nf6
{[%clk 01:32:05]} {[%emt 00:00:04]} 5. Nc3 {[%clk 01:29:06]} {[%emt 00:00:07]}
e6 {[%clk 01:32:32]} {[%emt 00:00:03]} 6. Ndb5 {[%clk 01:28:17]} {[%emt
00:01:19]} Bb4 {[%clk 01:32:55]} {[%emt 00:00:07]} 7. a3 {[%clk 01:26:38]}
{[%emt 00:02:10]} Bxc3+ {[%clk 01:33:18]} {[%emt 00:00:06]} 8. Nxc3 {[%clk
01:27:06]} {[%emt 00:00:03]} d5 {[%clk 01:33:44]} {[%emt 00:00:04]} 9. exd5
{[%clk 01:16:16]} {[%emt 00:11:20]} exd5 {[%clk 01:29:01]} {[%emt 00:05:13]} 10.
Bd3 {[%clk 01:16:39]} {[%emt 00:00:07]} O-O {[%clk 01:29:25]} {[%emt 00:00:06]}
11. O-O {[%clk 01:17:03]} {[%emt 00:00:05]} d4 {[%clk 01:29:40]} {[%emt
00:00:15]} 12. Ne4 {[%clk 01:11:33]} {[%emt 00:05:59]} Ng4 {[%clk 01:29:45]}
{[%emt 00:00:26]} 13. Bf4 {[%clk 01:00:31]} {[%emt 00:11:32]} Nge5 {[%clk
01:21:35]} {[%emt 00:08:41]} 14. Qh5 {[%clk 00:49:20]} {[%emt 00:11:38]} f5
{[%clk 01:14:39]} {[%emt 00:07:28]} 15. Ng5 {[%clk 00:36:51]} {[%emt 00:12:59]}
h6 {[%clk 01:12:27]} {[%emt 00:02:42]} 16. Nf3 {[%clk 00:37:15]} {[%emt
00:00:05]} Nxd3 {[%clk 01:12:17]} {[%emt 00:00:42]} 17. cxd3 {[%clk 00:37:39]}
{[%emt 00:00:05]} Qe8 {[%clk 01:01:08]} {[%emt 00:11:38]} 18. Qh3 {[%clk
00:37:06]} {[%emt 00:01:02]} Qf7 {[%clk 00:58:00]} {[%emt 00:03:40]} 19. Rfe1
{[%clk 00:36:56]} {[%emt 00:00:39]} Be6 {[%clk 00:57:55]} {[%emt 00:00:37]} 20.
Qg3 {[%clk 00:35:17]} {[%emt 00:02:07]} Kh7 {[%clk 00:54:56]} {[%emt 00:03:30]}
21. Qh4 {[%clk 00:33:44]} {[%emt 00:02:03]} Kg8 {[%clk 00:55:10]} {[%emt
00:00:16]} 22. Qg3 {[%clk 00:33:02]} {[%emt 00:01:11]} Kh7 {[%clk 00:55:33]}
{[%emt 00:00:08]} 23. b4 {[%clk 00:33:08]} {[%emt 00:00:24]} a6 {[%clk
00:53:39]} {[%emt 00:02:24]} 24. Qh4 {[%clk 00:33:32]} {[%emt 00:00:07]} Kg8
{[%clk 00:53:58]} {[%emt 00:00:10]} 25. Qg3 {[%clk 00:33:58]} {[%emt 00:00:03]}
Kh7 {[%clk 00:54:25]} {[%emt 00:00:04]} 26. Ne5 {[%clk 00:30:56]} {[%emt
00:03:32]} Nxe5 {[%clk 00:54:26]} {[%emt 00:00:30]} 27. Bxe5 {[%clk 00:31:20]}
{[%emt 00:00:05]} Rfe8 {[%clk 00:50:08]} {[%emt 00:04:48]} 28. h4 {[%clk
00:30:16]} {[%emt 00:01:33]} Rad8 {[%clk 00:49:24]} {[%emt 00:01:15]} 29. Rac1
{[%clk 00:26:03]} {[%emt 00:04:43]} Bd5 {[%clk 00:39:43]} {[%emt 00:10:12]} 30.
f3 {[%clk 00:23:22]} {[%emt 00:03:10]} Bc6 {[%clk 00:35:50]} {[%emt 00:04:24]}
31. Qf4 {[%clk 00:19:48]} {[%emt 00:04:03]} Rd7 {[%clk 00:32:47]} {[%emt
00:03:33]} 32. Bxd4 {[%clk 00:09:02]} {[%emt 00:11:16]} Rxe1+ {[%clk 00:32:39]}
{[%emt 00:00:39]} 33. Rxe1 {[%clk 00:09:27]} {[%emt 00:00:05]} Bb5 {[%clk
00:31:05]} {[%emt 00:02:04]} 34. Re3 {[%clk 00:05:12]} {[%emt 00:04:15]} Qd5
{[%clk 00:28:07]} {[%emt 00:03:29]} 35. Bb2 {[%clk 00:05:48]} {[%emt 00:00:20]}
Bxd3 {[%clk 00:27:53]} {[%emt 00:00:47]} 36. Re8 {[%clk 00:05:56]} {[%emt
00:00:20]} Bb5 {[%clk 00:27:07]} {[%emt 00:01:17]} 37. Kh2 {[%clk 00:04:51]}
{[%emt 00:01:34]} Qd6 {[%clk 00:25:00]} {[%emt 00:02:38]} 38. Be5 {[%clk
00:03:00]} {[%emt 00:02:20]} Qg6 {[%clk 00:25:24]} {[%emt 00:00:06]} 39. Rf8
{[%clk 00:03:23]} {[%emt 00:00:08]} Rf7 {[%clk 00:25:08]} {[%emt 00:00:46]} 40.
Rxf7 {[%clk 00:01:38]} {[%emt 00:02:16]} Qxf7 {[%clk 00:25:36]} {[%emt
00:00:02]} 41. Bc3 {[%clk 00:01:38]} {[%emt 00:00:28]} Bc4 {[%clk 00:21:26]}
{[%emt 00:04:39]} 42. Qd4 {[%clk 00:00:51]} {[%emt 00:01:19]} Bd5 {[%clk
00:20:53]} {[%emt 00:01:02]} 43. Kg3 {[%clk 00:00:31]} {[%emt 00:00:50]} Qc7+
{[%clk 00:19:46]} {[%emt 00:01:37]} 44. Kf2 {[%clk 00:00:49]} {[%emt 00:00:13]}
Bc6 {[%clk 00:19:32]} {[%emt 00:00:44]} 45. Qc5 {[%clk 00:30:05]} {[%emt
00:01:14]} Qf7 {[%clk 00:44:13]} {[%emt 00:05:48]} 46. Qe5 {[%clk 00:30:22]}
{[%emt 00:00:13]} Kg8 {[%clk 00:40:34]} {[%emt 00:04:10]} 47. h5 {[%clk
00:28:26]} {[%emt 00:02:26]} Kh7 {[%clk 00:40:36]} {[%emt 00:00:28]} 48. Kg3
{[%clk 00:28:21]} {[%emt 00:00:34]} Be8 {[%clk 04:05:45]} {[%emt 00:03:41]} 49.
Kf4 {[%clk 00:28:32]} {[%emt 00:00:17]} Qc4+ {[%clk 00:35:43]} {[%emt
00:02:15]} 50. Ke3 {[%clk 00:28:25]} {[%emt 00:00:37]} Qf7 {[%clk 00:36:03]}
{[%emt 00:00:10]} 51. Bd4 {[%clk 00:26:19]} {[%emt 00:02:36]} Qd7 {[%clk
00:34:07]} {[%emt 00:02:26]} 52. g4 {[%clk 00:26:41]} {[%emt 00:00:08]} fxg4
{[%clk 00:33:40]} {[%emt 00:00:58]} 53. fxg4 {[%clk 00:27:07]} {[%emt
00:00:03]} 1/2-1/2

[Event "European Chess Club Cup 2023"]
[Site "Durres, Albania"]
[Date "2023.10.03"]
[Round "3.60"]
[White "Wenzel, Birger"]
[Black "Guliyev, Namig"]
[Result "0-1"]
[TimeControl "90' + 30' & 30\""]
[WhiteElo "2013"]
[BlackElo "2531"]

1. d4 {[%clk 01:30:56]} {[%emt 00:00:03]} d5 {[%clk 01:29:30]} {[%emt
00:01:30]} 2. c4 {[%clk 01:31:13]} {[%emt 00:00:13]} dxc4 {[%clk 01:29:56]}
{[%emt 00:00:05]} 3. Nf3 {[%clk 01:31:28]} {[%emt 00:00:14]} Nf6 {[%clk
01:27:15]} {[%emt 00:03:11]} 4. e3 {[%clk 01:31:45]} {[%emt 00:00:13]} e6
{[%clk 01:27:32]} {[%emt 00:00:14]} 5. Bxc4 {[%clk 01:32:00]} {[%emt 00:00:14]}
a6 {[%clk 01:27:58]} {[%emt 00:00:05]} 6. O-O {[%clk 01:32:04]} {[%emt
00:00:25]} Nbd7 {[%clk 01:28:26]} {[%emt 00:00:03]} 7. b3 {[%clk 01:27:05]}
{[%emt 00:05:27]} Bd6 {[%clk 01:21:38]} {[%emt 00:07:20]} 8. Bb2 {[%clk
01:25:43]} {[%emt 00:01:50]} Qe7 {[%clk 01:22:02]} {[%emt 00:00:07]} 9. Nbd2
{[%clk 01:22:40]} {[%emt 00:03:32]} O-O {[%clk 01:19:55]} {[%emt 00:02:39]} 10.
Bd3 {[%clk 01:20:19]} {[%emt 00:02:48]} e5 {[%clk 01:15:48]} {[%emt 00:04:39]}
11. dxe5 {[%clk 01:16:41]} {[%emt 00:04:07]} Nxe5 {[%clk 01:16:11]} {[%emt
00:00:09]} 12. Nxe5 {[%clk 01:16:34]} {[%emt 00:00:36]} Bxe5 {[%clk 01:16:34]}
{[%emt 00:00:08]} 13. Bxe5 {[%clk 01:16:19]} {[%emt 00:00:44]} Qxe5 {[%clk
01:16:57]} {[%emt 00:00:07]} 14. Nc4 {[%clk 01:13:07]} {[%emt 00:03:41]} Qe7
{[%clk 01:17:19]} {[%emt 00:00:10]} 15. Qc2 {[%clk 01:09:19]} {[%emt 00:04:16]}
Be6 {[%clk 01:16:37]} {[%emt 00:01:13]} 16. e4 {[%clk 01:03:48]} {[%emt
00:06:02]} Bxc4 {[%clk 01:15:50]} {[%emt 00:01:17]} 17. Qxc4 {[%clk 01:04:06]}
{[%emt 00:00:12]} Rad8 {[%clk 01:15:27]} {[%emt 00:00:53]} 18. Rae1 {[%clk
00:54:15]} {[%emt 00:10:20]} Qd6 {[%clk 01:11:14]} {[%emt 00:04:43]} 19. Be2
{[%clk 00:41:17]} {[%emt 00:13:28]} Qe5 {[%clk 01:07:28]} {[%emt 00:04:16]} 20.
Bf3 {[%clk 00:38:12]} {[%emt 00:03:36]} Rd4 {[%clk 01:04:29]} {[%emt 00:03:28]}
21. Qc2 {[%clk 00:38:00]} {[%emt 00:00:42]} Rfd8 {[%clk 01:04:50]} {[%emt
00:00:09]} 22. Rd1 {[%clk 00:34:38]} {[%emt 00:03:52]} g5 {[%clk 01:03:55]}
{[%emt 00:01:25]} 23. g3 {[%clk 00:33:02]} {[%emt 00:02:05]} c5 {[%clk
01:03:41]} {[%emt 00:00:45]} 24. Bg2 {[%clk 00:31:53]} {[%emt 00:01:39]} Rxd1
{[%clk 01:00:26]} {[%emt 00:03:46]} 25. Rxd1 {[%clk 00:32:11]} {[%emt
00:00:12]} Rxd1+ {[%clk 01:00:52]} {[%emt 00:00:04]} 26. Qxd1 {[%clk 00:32:28]}
{[%emt 00:00:12]} b5 {[%clk 01:01:17]} {[%emt 00:00:05]} 27. Qc1 {[%clk
00:30:00]} {[%emt 00:02:56]} g4 {[%clk 01:00:03]} {[%emt 00:01:46]} 28. Qd1
{[%clk 00:27:23]} {[%emt 00:03:07]} Kg7 {[%clk 00:59:12]} {[%emt 00:01:21]} 29.
Qe2 {[%clk 00:26:07]} {[%emt 00:01:43]} h5 {[%clk 00:55:26]} {[%emt 00:04:20]}
30. f4 {[%clk 00:24:11]} {[%emt 00:02:25]} gxf3 {[%clk 00:54:33]} {[%emt
00:01:24]} 31. Bxf3 {[%clk 00:23:10]} {[%emt 00:01:30]} c4 {[%clk 00:49:36]}
{[%emt 00:05:27]} 32. bxc4 {[%clk 00:22:40]} {[%emt 00:01:00]} Qd4+ {[%clk
00:48:41]} {[%emt 00:01:25]} 33. Qf2 {[%clk 00:21:32]} {[%emt 00:01:38]} Qxc4
{[%clk 00:48:54]} {[%emt 00:00:17]} 34. e5 {[%clk 00:20:58]} {[%emt 00:01:04]}
Nd7 {[%clk 00:49:12]} {[%emt 00:00:12]} 35. Bxh5 {[%clk 00:19:05]} {[%emt
00:02:23]} Nxe5 {[%clk 00:49:02]} {[%emt 00:00:40]} 36. Bd1 {[%clk 00:09:30]}
{[%emt 00:10:05]} a5 {[%clk 00:47:39]} {[%emt 00:01:52]} 37. Bb3 {[%clk
00:09:14]} {[%emt 00:00:46]} Qe4 {[%clk 00:44:55]} {[%emt 00:03:14]} 38. Bd1
{[%clk 00:05:20]} {[%emt 00:04:24]} Nd3 {[%clk 00:42:35]} {[%emt 00:02:50]} 39.
Qe2 {[%clk 00:04:24]} {[%emt 00:01:27]} Qxe2 {[%clk 00:41:43]} {[%emt
00:01:23]} 40. Bxe2 {[%clk 00:04:45]} {[%emt 00:00:08]} Nc1 {[%clk 00:42:11]}
{[%emt 00:00:03]} 41. Bxb5 {[%clk 00:04:52]} {[%emt 00:00:22]} Nxa2 {[%clk
00:42:37]} {[%emt 00:00:04]} 42. Kf2 {[%clk 00:02:27]} {[%emt 00:02:55]} Nc3
{[%clk 00:42:50]} {[%emt 00:00:18]} 43. Bc4 {[%clk 00:02:40]} {[%emt 00:00:16]}
a4 {[%clk 00:43:18]} {[%emt 00:00:03]} 44. Kf3 {[%clk 00:02:36]} {[%emt
00:00:33]} a3 {[%clk 00:43:41]} {[%emt 00:00:07]} 45. Kf4 {[%clk 00:02:54]}
{[%emt 00:00:11]} a2 {[%clk 00:44:09]} {[%emt 00:00:03]} 46. Bxa2 {[%clk
00:03:13]} {[%emt 00:00:11]} Nxa2 {[%clk 00:44:35]} {[%emt 00:00:04]} 47. g4
{[%clk 00:03:14]} {[%emt 00:00:30]} Nc3 {[%clk 00:41:29]} {[%emt 00:03:35]} 48.
Kf5 {[%clk 00:02:12]} {[%emt 00:01:30]} Nd5 {[%clk 00:41:37]} {[%emt 00:00:24]}
49. h3 {[%clk 00:28:15]} {[%emt 00:04:27]} Ne7+ {[%clk 01:10:49]} {[%emt
00:01:18]} 50. Ke5 {[%clk 00:26:42]} {[%emt 00:02:01]} f6+ {[%clk 01:07:32]}
{[%emt 00:03:48]} 51. Ke6 {[%clk 00:25:14]} {[%emt 00:01:59]} Ng6 {[%clk
01:07:51]} {[%emt 00:00:11]} 52. Kf5 {[%clk 00:25:10]} {[%emt 00:00:33]} Kf7
{[%clk 01:03:02]} {[%emt 00:05:20]} 53. g5 {[%clk 00:24:01]} {[%emt 00:01:40]}
Ne7+ {[%clk 01:03:26]} {[%emt 00:00:05]} 54. Kf4 {[%clk 00:23:10]} {[%emt
00:01:21]} f5 {[%clk 01:03:42]} {[%emt 00:00:15]} 55. h4 {[%clk 00:20:27]}
{[%emt 00:03:13]} Kg6 {[%clk 01:03:53]} {[%emt 00:00:19]} 56. Ke5 {[%clk
00:20:28]} {[%emt 00:00:28]} Nc6+ {[%clk 01:04:19]} {[%emt 00:00:04]} 57. Kd5
{[%clk 00:17:24]} {[%emt 00:03:33]} Kh5 {[%clk 01:04:26]} {[%emt 00:00:24]} 0-1

[Event "European Chess Club Cup 2023"]
[Site "Durres, Albania"]
[Date "2023.10.03"]
[Round "3.61"]
[White "Gelfand, Boris"]
[Black "Gozzoli, Yannick"]
[Result "1-0"]
[TimeControl "90' + 30' & 30\""]
[WhiteElo "2655"]
[BlackElo "2569"]

1. Nf3 {[%clk 01:30:58]} {[%emt 00:00:01]} d5 {[%clk 01:30:42]} {[%emt
00:00:18]} 2. g3 {[%clk 01:31:24]} {[%emt 00:00:05]} Nf6 {[%clk 01:24:43]}
{[%emt 00:06:28]} 3. Bg2 {[%clk 01:29:53]} {[%emt 00:02:02]} Bf5 {[%clk
01:23:23]} {[%emt 00:01:50]} 4. c4 {[%clk 01:26:21]} {[%emt 00:04:02]} e6
{[%clk 01:23:08]} {[%emt 00:00:45]} 5. O-O {[%clk 01:25:36]} {[%emt 00:01:15]}
Be7 {[%clk 01:11:07]} {[%emt 00:12:30]} 6. Qb3 {[%clk 01:20:35]} {[%emt
00:05:32]} Qc8 {[%clk 01:03:21]} {[%emt 00:08:16]} 7. Nc3 {[%clk 01:06:09]}
{[%emt 00:14:56]} c6 {[%clk 01:02:10]} {[%emt 00:01:41]} 8. d3 {[%clk
01:06:34]} {[%emt 00:00:06]} O-O {[%clk 00:59:29]} {[%emt 00:03:09]} 9. Be3
{[%clk 00:58:34]} {[%emt 00:08:31]} dxc4 {[%clk 00:52:36]} {[%emt 00:07:23]} 10.
Qxc4 {[%clk 00:57:43]} {[%emt 00:01:21]} h6 {[%clk 00:51:19]} {[%emt 00:01:47]}
11. b4 {[%clk 00:50:37]} {[%emt 00:07:37]} Nbd7 {[%clk 00:42:52]} {[%emt
00:08:56]} 12. Rfc1 {[%clk 00:47:58]} {[%emt 00:03:08]} e5 {[%clk 00:34:46]}
{[%emt 00:08:36]} 13. Qb3 {[%clk 00:47:44]} {[%emt 00:00:45]} Be6 {[%clk
00:34:59]} {[%emt 00:00:17]} 14. Qb2 {[%clk 00:47:57]} {[%emt 00:00:18]} Ng4
{[%clk 00:32:23]} {[%emt 00:03:05]} 15. Bd2 {[%clk 00:47:35]} {[%emt 00:00:52]}
f5 {[%clk 00:32:47]} {[%emt 00:00:05]} 16. a4 {[%clk 00:41:20]} {[%emt
00:06:46]} Qe8 {[%clk 00:30:19]} {[%emt 00:02:57]} 17. b5 {[%clk 00:33:28]}
{[%emt 00:08:23]} c5 {[%clk 00:28:00]} {[%emt 00:02:49]} 18. b6 {[%clk
00:32:46]} {[%emt 00:01:12]} a6 {[%clk 00:25:12]} {[%emt 00:03:18]} 19. a5
{[%clk 00:29:35]} {[%emt 00:03:41]} Qh5 {[%clk 00:21:54]} {[%emt 00:03:47]} 20.
h3 {[%clk 00:27:57]} {[%emt 00:02:09]} Ngf6 {[%clk 00:22:18]} {[%emt 00:00:05]}
21. Ra4 {[%clk 00:28:24]} {[%emt 00:00:04]} Bd6 {[%clk 00:16:01]} {[%emt
00:06:47]} 22. Be1 {[%clk 00:26:31]} {[%emt 00:02:23]} c4 {[%clk 00:13:41]}
{[%emt 00:02:50]} 23. dxc4 {[%clk 00:22:51]} {[%emt 00:04:10]} Nc5 {[%clk
00:13:00]} {[%emt 00:01:11]} 24. Raa1 {[%clk 00:21:38]} {[%emt 00:01:43]} e4
{[%clk 00:13:25]} {[%emt 00:00:05]} 25. Nd4 {[%clk 00:15:41]} {[%emt 00:06:27]}
Bd7 {[%clk 00:12:44]} {[%emt 00:01:10]} 26. Nd5 {[%clk 00:15:33]} {[%emt
00:00:38]} f4 {[%clk 00:05:39]} {[%emt 00:07:36]} 27. Nxf4 {[%clk 00:08:49]}
{[%emt 00:07:14]} Bxf4 {[%clk 00:05:51]} {[%emt 00:00:18]} 28. gxf4 {[%clk
00:09:13]} {[%emt 00:00:06]} Bxh3 {[%clk 00:06:09]} {[%emt 00:00:12]} 29. Ra3
{[%clk 00:09:19]} {[%emt 00:00:24]} Bxg2 {[%clk 00:04:43]} {[%emt 00:01:56]} 30.
Kxg2 {[%clk 00:09:22]} {[%emt 00:00:27]} Nd3 {[%clk 00:04:54]} {[%emt
00:00:19]} 31. exd3 {[%clk 00:09:27]} {[%emt 00:00:25]} Ng4 {[%clk 00:05:19]}
{[%emt 00:00:05]} 32. dxe4 {[%clk 00:09:00]} {[%emt 00:00:57]} Qh2+ {[%clk
00:05:45]} {[%emt 00:00:04]} 33. Kf1 {[%clk 00:09:26]} {[%emt 00:00:04]} Rxf4
{[%clk 00:06:10]} {[%emt 00:00:05]} 34. Nf3 {[%clk 00:07:11]} {[%emt 00:02:45]}
Qh1+ {[%clk 00:04:46]} {[%emt 00:01:53]} 35. Ke2 {[%clk 00:06:56]} {[%emt
00:00:46]} Raf8 {[%clk 00:04:26]} {[%emt 00:00:50]} 36. Qb3 {[%clk 00:03:54]}
{[%emt 00:03:32]} Rxe4+ {[%clk 00:03:08]} {[%emt 00:01:48]} 37. Kd2 {[%clk
00:04:01]} {[%emt 00:00:23]} Qf1 {[%clk 00:03:26]} {[%emt 00:00:12]} 38. Kc2
{[%clk 00:03:12]} {[%emt 00:01:19]} Nxf2 {[%clk 00:02:58]} {[%emt 00:00:58]} 39.
Kb1 {[%clk 00:01:20]} {[%emt 00:02:22]} Qg2 {[%clk 00:01:00]} {[%emt 00:02:28]}
40. Rc2 {[%clk 00:00:35]} {[%emt 00:01:15]} Qh1 {[%clk 00:01:01]} {[%emt
00:00:28]} 41. Ka2 {[%clk 00:22:59]} {[%emt 00:08:07]} 1-0

[Event "European Chess Club Cup 2023"]
[Site "Durres, Albania"]
[Date "2023.10.03"]
[Round "3.62"]
[White "Dalaud, Dorian"]
[Black "Rodshtein, Maxim"]
[Result "1/2-1/2"]
[TimeControl "90' + 30' & 30\""]
[WhiteElo "2317"]
[BlackElo "2584"]

1. e4 {[%clk 01:30:54]} {[%emt 00:00:05]} c5 {[%clk 01:30:49]} {[%emt
00:00:12]} 2. Nf3 {[%clk 01:31:15]} {[%emt 00:00:09]} d6 {[%clk 01:30:49]}
{[%emt 00:00:30]} 3. Bb5+ {[%clk 01:31:36]} {[%emt 00:00:08]} Nd7 {[%clk
01:30:54]} {[%emt 00:00:25]} 4. d4 {[%clk 01:31:53]} {[%emt 00:00:13]} cxd4
{[%clk 01:30:51]} {[%emt 00:00:33]} 5. Qxd4 {[%clk 01:32:10]} {[%emt 00:00:13]}
e5 {[%clk 01:27:54]} {[%emt 00:03:27]} 6. Qd3 {[%clk 01:30:29]} {[%emt
00:02:12]} a6 {[%clk 01:27:56]} {[%emt 00:00:28]} 7. Bxd7+ {[%clk 01:30:33]}
{[%emt 00:00:26]} Qxd7 {[%clk 01:27:56]} {[%emt 00:00:30]} 8. Nc3 {[%clk
01:23:14]} {[%emt 00:07:49]} Qc6 {[%clk 01:22:16]} {[%emt 00:06:10]} 9. Nd5
{[%clk 01:17:47]} {[%emt 00:05:57]} Nf6 {[%clk 00:59:59]} {[%emt 00:22:47]} 10.
O-O {[%clk 01:09:50]} {[%emt 00:08:26]} Be7 {[%clk 00:51:39]} {[%emt 00:08:51]}
11. Nxe7 {[%clk 00:55:11]} {[%emt 00:15:09]} Kxe7 {[%clk 00:50:33]} {[%emt
00:01:36]} 12. Bg5 {[%clk 00:53:04]} {[%emt 00:02:36]} h6 {[%clk 00:45:33]}
{[%emt 00:05:31]} 13. Bxf6+ {[%clk 00:50:37]} {[%emt 00:02:57]} gxf6 {[%clk
00:43:11]} {[%emt 00:02:52]} 14. Nh4 {[%clk 00:50:18]} {[%emt 00:00:49]} Rg8
{[%clk 00:41:17]} {[%emt 00:02:24]} 15. h3 {[%clk 00:43:21]} {[%emt 00:07:28]}
Be6 {[%clk 00:38:43]} {[%emt 00:03:03]} 16. Rfd1 {[%clk 00:28:19]} {[%emt
00:15:31]} Rg5 {[%clk 00:34:51]} {[%emt 00:04:22]} 17. Kh2 {[%clk 00:25:10]}
{[%emt 00:03:40]} Rd8 {[%clk 00:23:11]} {[%emt 00:12:09]} 18. Rd2 {[%clk
00:24:48]} {[%emt 00:00:53]} Qc5 {[%clk 00:13:04]} {[%emt 00:10:37]} 19. Rad1
{[%clk 00:23:44]} {[%emt 00:01:34]} b5 {[%clk 00:13:04]} {[%emt 00:00:30]} 20.
a4 {[%clk 00:21:49]} {[%emt 00:02:25]} Rd7 {[%clk 00:09:44]} {[%emt 00:03:49]}
21. axb5 {[%clk 00:18:25]} {[%emt 00:03:54]} axb5 {[%clk 00:10:13]} {[%emt
00:00:02]} 22. Qf3 {[%clk 00:18:47]} {[%emt 00:00:08]} b4 {[%clk 00:09:19]}
{[%emt 00:01:24]} 23. Ra1 {[%clk 00:18:25]} {[%emt 00:00:52]} Ra7 {[%clk
00:03:54]} {[%emt 00:05:54]} 24. Rdd1 {[%clk 00:08:15]} {[%emt 00:10:41]} Rd7
{[%clk 00:03:58]} {[%emt 00:00:25]} 25. Ra8 {[%clk 00:07:35]} {[%emt 00:01:10]}
d5 {[%clk 00:01:57]} {[%emt 00:02:32]} 26. exd5 {[%clk 00:06:50]} {[%emt
00:01:13]} Rxd5 {[%clk 00:02:25]} {[%emt 00:00:04]} 27. Rda1 {[%clk 00:06:10]}
{[%emt 00:01:09]} Qc4 {[%clk 00:01:13]} {[%emt 00:01:42]} 28. R1a7+ {[%clk
00:02:14]} {[%emt 00:04:25]} Rd7 {[%clk 00:01:42]} {[%emt 00:00:03]} 29. Qe3
{[%clk 00:02:06]} {[%emt 00:00:38]} Rh5 {[%clk 00:01:04]} {[%emt 00:01:08]} 30.
Nf3 {[%clk 00:01:43]} {[%emt 00:00:53]} Rf5 {[%clk 00:01:09]} {[%emt 00:00:25]}
31. Qxh6 {[%clk 00:01:45]} {[%emt 00:00:28]} Qf4+ {[%clk 00:01:27]} {[%emt
00:00:11]} 32. Qxf4 {[%clk 00:02:10]} {[%emt 00:00:06]} Rxf4 {[%clk 00:01:56]}
{[%emt 00:00:01]} 33. c3 {[%clk 00:00:52]} {[%emt 00:01:48]} Bd5 {[%clk
00:01:36]} {[%emt 00:00:50]} 34. Rxd7+ {[%clk 00:01:04]} {[%emt 00:00:18]} Kxd7
{[%clk 00:02:04]} {[%emt 00:00:02]} 35. Ra7+ {[%clk 00:01:15]} {[%emt
00:00:18]} Ke6 {[%clk 00:02:03]} {[%emt 00:00:32]} 36. Ra6+ {[%clk 00:01:07]}
{[%emt 00:00:38]} Kf5 {[%clk 00:01:25]} {[%emt 00:01:08]} 37. Kg3 {[%clk
00:00:39]} {[%emt 00:00:58]} bxc3 {[%clk 00:01:27]} {[%emt 00:00:28]} 38. bxc3
{[%clk 00:01:04]} {[%emt 00:00:05]} Bxf3 {[%clk 00:01:27]} {[%emt 00:00:30]} 39.
gxf3 {[%clk 00:01:26]} {[%emt 00:00:07]} Rc4 {[%clk 00:01:54]} {[%emt
00:00:04]} 40. Ra3 {[%clk 00:01:38]} {[%emt 00:00:18]} Kg5 {[%clk 00:01:29]}
{[%emt 00:00:55]} 41. Rb3 {[%clk 00:22:07]} {[%emt 00:10:00]} f5 {[%clk
00:31:19]} {[%emt 00:00:40]} 42. Kg2 {[%clk 00:22:00]} {[%emt 00:00:37]} Rc8
{[%clk 00:24:36]} {[%emt 00:07:13]} 43. Kg3 {[%clk 00:21:45]} {[%emt 00:00:45]}
Rc4 {[%clk 00:23:07]} {[%emt 00:01:59]} 44. Kg2 {[%clk 00:21:23]} {[%emt
00:00:52]} Rc8 {[%clk 00:23:28]} {[%emt 00:00:09]} 45. Kg3 {[%clk 00:21:25]}
{[%emt 00:00:28]} 1/2-1/2